000 00937nam a22002897a 4500
001 BR7806383
003 BR-BrBNA
005 20230928085738.0
007 ta
008 230509b bl.||||| |||| 00| 0 por d
040 _aBR-BrBNA
_bpor
_cBiblioteca Nacional de Agricultura
041 _a(Por)
072 _aF26; F24; E15
_b/G514
090 _ F26 BR7806383
110 1 _aSecretaria Nacional de Planejamento Agricola, Brasilia, DF (Brasil). Secretaria de Estudos Setoriais
_99220
245 1 _aUso atual dos solos e caracterizacao dos sistemas de producao - ano base 1975. Resultados preliminares. Maranhao e Piaui [Brasil]
260 3 _aBrasilia, DF (Brasil):
_c1978.
300 _a290 p.
500 _aNumerical data
650 _aAPTIDAO AGRICOLA
650 _aESTATISTICA DE PRODUCAO
650 _aSISTEMA DE PRODUCAO
650 _aMARANHAO
650 _aPIAUI
909 _a202309
_bLucia
_c55
_dLucia Elande
942 _cBK
999 _c26107
_d26107